Опыт внедрения технологии одностадийного сухого обогащения каолинов; Строительные материалы; № 4

Dades bibliogràfiques
Parent link:Строительные материалы: научно-технический и производственный журнал/ ООО РИФ "Стройматериалы".— , 1977-
№ 4.— 2009.— С. 46-50
Altres autors: Стороженко Г. И., Дворников Н. А., Чивелев В. Д., Верещагин В. И. Владимир Иванович, Вакалова Т. В. Татьяна Викторовна, Кузьмин В. М., Камнев С. В., Шайхлисламов Р. Т.
Sumari:Разработка конструкции технологической линии по сухому обогащению Компановского каолина основывалась на двух технологических идеях: (1) процессы сушки и разрушения природной структуры глинистого сырья должны происходить одновременно, так как высушенный до влажности 0,5-1% каолин обладает высокой прочностью, что затрудняет впоследствии организацию его селективного помола при разделении этих процессов (традиционная технология); (2) при селективном помоле сырья песчаные фракции должны не измельчаться, а полностью избавляться от "каолинитовой рубашки", а глинистые, наоборот, переходить в тонкодисперсное состояние, что позволит эффективно отделять в гравитационных классификаторах песок от каолинита. Технология построена на данных математического моделирования процессов тепломассообмена. Приведены результаты ее внедрения для обогащения каолинов месторождений Макванети (Грузия) и Компан (Красноярский край)
Idioma:rus
Publicat: 2009
Matèries:
Format: MixedMaterials Capítol de llibre
KOHA link:https://koha.lib.tpu.ru/cgi-bin/koha/opac-detail.pl?biblionumber=451167

MARC

LEADER 00000naa2a2200000 4500
001 451167
005 20231219160604.0
035 |a (RuTPU)RU\TPU\prd\113369 
035 |a RU\TPU\prd\85403 
090 |a 451167 
100 |a 20110616a2009 k y0rusy50 ca 
101 0 |a rus 
102 |a RU 
200 1 |a Опыт внедрения технологии одностадийного сухого обогащения каолинов  |f Г. И. Стороженко [и др.] 
330 |a Разработка конструкции технологической линии по сухому обогащению Компановского каолина основывалась на двух технологических идеях: (1) процессы сушки и разрушения природной структуры глинистого сырья должны происходить одновременно, так как высушенный до влажности 0,5-1% каолин обладает высокой прочностью, что затрудняет впоследствии организацию его селективного помола при разделении этих процессов (традиционная технология); (2) при селективном помоле сырья песчаные фракции должны не измельчаться, а полностью избавляться от "каолинитовой рубашки", а глинистые, наоборот, переходить в тонкодисперсное состояние, что позволит эффективно отделять в гравитационных классификаторах песок от каолинита. Технология построена на данных математического моделирования процессов тепломассообмена. Приведены результаты ее внедрения для обогащения каолинов месторождений Макванети (Грузия) и Компан (Красноярский край) 
461 0 |0 (RuTPU)RU\TPU\prd\367  |t Строительные материалы  |o научно-технический и производственный журнал  |f ООО РИФ "Стройматериалы"  |d 1977- 
463 0 |0 (RuTPU)RU\TPU\prd\113368  |t № 4  |v С. 46-50  |d 2009 
610 1 |a труды учёных ТПУ 
701 1 |a Стороженко  |b Г. И. 
701 1 |a Дворников  |b Н. А. 
701 1 |a Чивелев  |b В. Д. 
701 1 |a Верещагин  |b В. И.  |c химик-технолог  |c профессор Томского политехнического университета, доктор технических наук  |f 1942-  |g Владимир Иванович  |3 (RuTPU)RU\TPU\pers\19774  |4 070  |9 7712 
701 1 |a Вакалова  |b Т. В.  |c химик-технолог  |c профессор Томского политехнического университета, доктор технических наук  |f 1956-  |g Татьяна Викторовна  |3 (RuTPU)RU\TPU\pers\26197  |4 070  |9 12005 
701 1 |a Кузьмин  |b В. М. 
701 1 |a Камнев  |b С. В. 
701 1 |a Шайхлисламов  |b Р. Т. 
801 1 |a RU  |b 63413507  |c 20100716 
801 2 |a RU  |b 63413507  |c 20111118  |g RCR 
942 |c BK